[Event "World Corporate West A"]
[Site "Chess.com INT"]
[Date "2021.02.21"]
[Round "6.1"]
[White "Corrales Jimenez, Zenia"]
[Black "Midhun, PU."]
[Result "1-0"]
[WhiteElo "2234"]
[BlackElo "2166"]
[PlyCount "71"]
[EventDate "2021.02.20"]
[EventType "team (rapid)"]
[EventRounds "7"]
[EventCountry "USA"]
[SourceTitle "CBM 200 Extra"]
[Source "ChessBase"]
[SourceDate "2021.03.31"]
[SourceVersion "1"]
[SourceVersionDate "2021.03.31"]
[SourceQuality "1"]
[WhiteTeam "Anahuac"]
[BlackTeam "Goldman Sachs"]
[WhiteTeamCountry "MEX"]
[BlackTeamCountry "USA"]

1. e4 e5 2. Nf3 Nc6 3. d4 exd4 4. Nxd4 Nf6 5. Nxc6 bxc6 6. Qe2 Qe7 7. Nc3 a5 8. Bg5 Ba6 9. Qf3 Bxf1 10. Rxf1 h6 11. Bxf6 Qxf6 12. Qxf6 gxf6 13. a3 Rg8 14. g3 Bd6 15. f4 h5 16. 0-0-0 h4 17. Ne2 hxg3 18. hxg3 Rh8 19. Rh1 0-0-0 20. Nd4 Rde8 21. Rxh8 Rxh8 22. Nf5 Bc5 23. Re1 Rh2 24. Kd1 Rg2 25. Re2 Rg1+ 26. Kd2 Rb1 27. Kc3 Rh1 28. b4 Bb6 29. e5 fxe5 30. Rxe5 axb4+ 31. axb4 Rh7 32. Kd3 Kd8 33. c4 f6 34. Re2 Rh5 35. Ng7 Rh3 36. Re8# 1-0

[Event "BCF-chT3Sb 1920 (4NCL)"]
[Site "England"]
[Date "2020.01.11"]
[Round "3.52"]
[White "Midhun, PU."]
[Black "Moyse, Nigel John"]
[Result "1/2-1/2"]
[WhiteElo "2135"]
[BlackElo "2038"]
[PlyCount "76"]
[EventDate "2019.11.09"]
[EventType "team-tourn"]
[EventRounds "11"]
[EventCountry "ENG"]
[SourceTitle "EXT 2023"]
[Source "ChessBase"]
[SourceDate "2022.10.05"]
[SourceVersion "1"]
[SourceVersionDate "2022.10.05"]
[SourceQuality "1"]
[WhiteTeam "West is Best II"]
[BlackTeam "Oxford II"]
[WhiteTeamCountry "WLS"]
[BlackTeamCountry "ENG"]

1. Nf3 d6 2. d4 g6 3. g3 Bg7 4. Bg2 Nf6 5. 0-0 0-0 6. c4 Nbd7 7. d5 Nc5 8. Nc3 a5 9. Be3 b6 10. Qc1 Ng4 11. Bd4 Bh6 12. Nd2 Rb8 13. h3 Nf6 14. f4 Nh5 15. Qe1 e5 16. fxe5 dxe5 17. Bxe5 Be3+ 18. Kh2 Re8 19. Nf3 f6 20. Bd4 Ba6 21. Bxe3 Rxe3 22. Qf2 Rxc3 23. bxc3 Ne4 24. Qd4 Nexg3 25. Rf2 Qd6 26. Kg1 Re8 27. Re1 Re4 28. Qd1 Nf4 29. Nd2 Re7 30. Nf1 Nf5 31. Qd2 Nxg2 32. Rxg2 Bxc4 33. Rg4 Qc5+ 34. Kh2 Qf2+ 35. Rg2 Qh4 36. Rg4 Qf2+ 37. Rg2 Qh4 38. Rg4 Qf2+ 1/2-1/2

[Event "Hastings Masters op 95th"]
[Site "Hastings"]
[Date "2020.01.04"]
[Round "8"]
[White "Murphy, Conor"]
[Black "Midhun, PU."]
[Result "1-0"]
[WhiteElo "2407"]
[BlackElo "2135"]
[PlyCount "111"]
[EventDate "2019.12.28"]
[EventType "swiss"]
[EventRounds "9"]
[EventCountry "ENG"]
[SourceTitle "CBM 194 Extra"]
[Source "ChessBase"]
[SourceDate "2020.03.31"]
[SourceVersion "1"]
[SourceVersionDate "2020.03.31"]
[SourceQuality "1"]

1. e4 e5 2. Nf3 Nc6 3. d4 exd4 4. Nxd4 Nf6 5. Nxc6 bxc6 6. e5 Qe7 7. Qe2 Nd5 8. c4 Ba6 9. Nd2 g6 10. Nf3 Bg7 11. Bg5 f6 12. exf6 Qxe2+ 13. Bxe2 Nxf6 14. 0-0-0 0-0-0 15. Rhe1 Rde8 16. Nd2 c5 17. Bf3 Bb7 18. Bxb7+ Kxb7 19. f3 d6 20. Kc2 Nd7 21. b3 Ne5 22. Re4 Kc8 23. h4 Kd7 24. h5 Nc6 25. h6 Nb4+ 26. Kb1 Bd4 27. Rde1 Rxe4 28. Rxe4 Re8 29. Rxe8 Kxe8 30. Ne4 Nc6 31. Kc2 Nb4+ 32. Kd2 Nxa2 33. Bf6 Kf7 34. Bd8 Nb4 35. Bxc7 d5 36. Ng5+ Kg8 37. Ne6 dxc4 38. bxc4 Kf7 39. Ng5+ Kg8 40. Bd6 Nc6 41. Ne6 Kf7 42. Nxc5 Ne5 43. Bxe5 Bxe5 44. Kd3 Bf4 45. Ke4 Bxh6 46. Kd5 Bf4 47. Kc6 Kf6 48. Kd7 Be3 49. Nd3 Kf5 50. Kd6 h5 51. c5 g5 52. c6 Bb6 53. Ne5 g4 54. fxg4+ hxg4 55. Nc4 Bf2 56. Kd7 1-0

[Event "Hastings Masters op 95th"]
[Site "Hastings"]
[Date "2019.12.29"]
[Round "2"]
[White "Midhun, PU."]
[Black "Lalic, Bogdan"]
[Result "1/2-1/2"]
[WhiteElo "2135"]
[BlackElo "2414"]
[PlyCount "56"]
[EventDate "2019.12.28"]
[EventType "swiss"]
[EventRounds "9"]
[EventCountry "ENG"]
[SourceTitle "CBM 194 Extra"]
[Source "ChessBase"]
[SourceDate "2020.03.31"]
[SourceVersion "1"]
[SourceVersionDate "2020.03.31"]
[SourceQuality "1"]

1. Nf3 c5 2. c4 Nc6 3. g3 g6 4. Bg2 Bg7 5. Nc3 d6 6. 0-0 Qd7 7. e3 Bxc3 8. bxc3 b6 9. e4 Bb7 10. d3 0-0-0 11. Ne1 f5 12. Nc2 fxe4 13. Bxe4 Nf6 14. Bg2 Na5 15. Bg5 Bxg2 16. Kxg2 d5 17. Qf3 Qc6 18. Rfe1 dxc4 19. Qxc6+ Nxc6 20. dxc4 Rhf8 21. Re6 Kb7 22. Rae1 Rf7 23. R1e2 Rd3 24. R2e3 Rd2 25. Re2 Rxe2 26. Rxe2 Ng4 27. Bf4 e5 28. Bg5 h6 1/2-1/2

[Event "BCF-chT2b 1819 (4NCL)"]
[Site "England"]
[Date "2019.02.09"]
[Round "5.71"]
[White "Payne, Matthew"]
[Black "Midhun, PU."]
[Result "1-0"]
[WhiteElo "2207"]
[BlackElo "2120"]
[PlyCount "50"]
[EventDate "2018.11.10"]
[EventType "team-tourn"]
[EventRounds "11"]
[EventCountry "ENG"]
[SourceTitle "EXT 2021"]
[Source "ChessBase"]
[SourceDate "2020.10.23"]
[SourceVersion "1"]
[SourceVersionDate "2020.10.23"]
[SourceQuality "1"]
[WhiteTeam "Sussex Martlets"]
[BlackTeam "West is Best II"]
[WhiteTeamCountry "ENG"]
[BlackTeamCountry "ENG"]

1. e4 e5 2. Nf3 Nc6 3. d4 exd4 4. Nxd4 Nf6 5. Nxc6 bxc6 6. e5 Qe7 7. Qe2 Nd5 8. c4 Ba6 9. Nd2 g6 10. Nf3 Qb4+ 11. Kd1 Qa4+ 12. Qc2 Qxc2+ 13. Kxc2 Nb4+ 14. Kd1 c5 15. Bd2 Bb7 16. a3 Nc6 17. Bc3 Bg7 18. Kc2 0-0 19. Bd3 f6 20. exf6 Bxf6 21. Bxf6 Rxf6 22. Rhe1 Raf8 23. Rad1 d6 24. Be4 Nd4+ 25. Rxd4 Rxf3 1-0

[Event "Hastings Masters op 94th"]
[Site "Hastings"]
[Date "2019.01.06"]
[Round "10"]
[White "Petrov, Martin"]
[Black "Midhun, PU."]
[Result "1-0"]
[WhiteElo "2472"]
[BlackElo "2019"]
[PlyCount "145"]
[EventDate "2018.12.28"]
[EventType "swiss"]
[EventRounds "10"]
[EventCountry "ENG"]
[SourceTitle "CBM 188 Extra"]
[Source "ChessBase"]
[SourceDate "2019.02.26"]
[SourceVersion "1"]
[SourceVersionDate "2019.02.26"]
[SourceQuality "1"]

1. d4 Nf6 2. Nf3 e6 3. Bf4 d5 4. e3 Be7 5. Bd3 0-0 6. Nbd2 b6 7. Ne5 Ba6 8. Nc6 Qe8 9. Nxe7+ Qxe7 10. 0-0 Bxd3 11. cxd3 Rc8 12. Rc1 Qb4 13. Rc2 Na6 14. Qe2 Qb5 15. a3 c5 16. Rfc1 Qe8 17. dxc5 Nxc5 18. d4 Nce4 19. Nxe4 dxe4 20. Qa6 Rxc2 21. Rxc2 Nd5 22. Qb7 Nxf4 23. exf4 Rd8 24. Qxa7 Rxd4 25. h3 g5 26. Qxb6 Rd1+ 27. Kh2 gxf4 28. Qb7 Rd5 29. Rc8 Rd8 30. Rc4 f5 31. Qc7 f3 32. gxf3 e3 33. Qg3+ Kf8 34. Rc7 Rd7 35. fxe3 Qd8 36. Rxd7 Qxd7 37. Qf2 Qd3 38. Kg2 e5 39. Qe1 Kf7 40. Qc3 Qe2+ 41. Kg3 Ke6 42. f4 exf4+ 43. exf4 Kf7 44. b3 Kg6 45. a4 Qf1 46. Qe3 Kf7 47. a5 Kg6 48. b4 Kf7 49. Qa7+ Kg6 50. Qb6+ Kh5 51. Qe3 Qb5 52. Qb3 Qd7 53. Qf3+ Kh6 54. Qc3 Qe6 55. b5 Qg8+ 56. Kf3 Qd5+ 57. Kf2 Qa2+ 58. Kf1 Qb1+ 59. Kf2 Qa2+ 60. Ke3 Qe6+ 61. Qe5 Qb3+ 62. Kf2 Qc2+ 63. Qe2 Qc5+ 64. Qe3 Qd5 65. a6 Qa2+ 66. Qe2 Qd5 67. a7 Qc5+ 68. Qe3 Qc2+ 69. Kg3 Qa2 70. Qb6+ Kh5 71. Qf2 Qg8+ 72. Kh2 Qd5 73. Qg2 1-0

[Event "Hastings Masters op 94th"]
[Site "Hastings"]
[Date "2019.01.02"]
[Round "6"]
[White "Lyell, Mark"]
[Black "Midhun, PU."]
[Result "1-0"]
[WhiteElo "2299"]
[BlackElo "2019"]
[PlyCount "91"]
[EventDate "2018.12.28"]
[EventType "swiss"]
[EventRounds "10"]
[EventCountry "ENG"]
[SourceTitle "CBM 188 Extra"]
[Source "ChessBase"]
[SourceDate "2019.02.26"]
[SourceVersion "1"]
[SourceVersionDate "2019.02.26"]
[SourceQuality "1"]

1. e4 e5 2. Nf3 Nc6 3. d4 exd4 4. Nxd4 Nf6 5. Nxc6 bxc6 6. e5 Qe7 7. Qe2 Nd5 8. c4 Ba6 9. b3 g6 10. g3 Bg7 11. Bb2 0-0 12. Bg2 Nb6 13. 0-0 d5 14. f4 Qc5+ 15. Qf2 Qxf2+ 16. Rxf2 f6 17. c5 Nc8 18. exf6 Bxf6 19. Bxf6 Rxf6 20. Nd2 Re6 21. Nf3 Re3 22. Nd4 Bb7 23. f5 Ne7 24. f6 Nf5 25. Nxf5 gxf5 26. Rxf5 Kf7 27. Raf1 Ba6 28. R1f2 Re1+ 29. Bf1 Bd3 30. R5f4 Be4 31. h4 Rg8 32. Kh2 h5 33. Bg2 Re3 34. Bxe4 dxe4 35. Rd2 Rgxg3 36. Rd7+ Ke6 37. Re7+ Kd5 38. Rexe4 Rh3+ 39. Kg2 Reg3+ 40. Kf2 Rc3 41. Rd4+ Ke6 42. f7 Rc2+ 43. Kg1 Rg3+ 44. Kf1 Rh3 45. Rde4+ Kd5 46. Re2 1-0

[Event "London Classic op"]
[Site "London"]
[Date "2017.12.03"]
[Round "3"]
[White "Midhun, PU."]
[Black "Oyama, Akito"]
[Result "1/2-1/2"]
[WhiteElo "1956"]
[BlackElo "2185"]
[PlyCount "138"]
[EventDate "2017.12.02"]
[EventType "swiss"]
[EventRounds "9"]
[EventCountry "ENG"]
[SourceTitle "CBM 182 Extra"]
[Source "ChessBase"]
[SourceDate "2018.02.23"]
[SourceVersion "1"]
[SourceVersionDate "2018.02.23"]
[SourceQuality "1"]

1. d4 e6 2. g3 f5 3. Bg2 Nf6 4. c4 Be7 5. Nc3 d6 6. Nf3 0-0 7. 0-0 Ne4 8. h4 h6 9. Qc2 Nxc3 10. bxc3 Bf6 11. e4 Nc6 12. exf5 exf5 13. Bh3 Kh8 14. Be3 Na5 15. Bxf5 Bxf5 16. Qxf5 Nxc4 17. Qd3 d5 18. Kg2 Qd7 19. Bf4 c6 20. Ng5 hxg5 21. hxg5 Kg8 22. Rh1 Bxg5 23. Qh7+ Kf7 24. Qh5+ Kg8 25. Qh7+ Kf7 26. Bxg5 Rh8 27. Qd3 Qg4 28. Bf4 Qg6 29. Qf3 Qe4 30. Qxe4 dxe4 31. Rhe1 Rhe8 32. Rab1 Re7 33. Bg5 Rd7 34. Rxe4 Re8 35. Kf3 Rxe4 36. Kxe4 Kg6 37. Bf4 Re7+ 38. Kd3 b5 39. a4 a6 40. axb5 axb5 41. Be3 Ra7 42. Rb4 Kf5 43. Rb1 Kg4 44. Rh1 Kf3 45. Rh4 Re7 46. Rf4+ Kg2 47. g4 Nb2+ 48. Kc2 Nc4 49. Kd3 Nb2+ 50. Ke2 Na4 51. Kd2 Nb6 52. g5 Nd5 53. Rf5 g6 54. Re5 Kf3 55. Kd3 Ra7 56. Re6 Ra3 57. Rxg6 Rxc3+ 58. Kd2 b4 59. Rf6+ Kg4 60. Rf7 Kh5 61. Rb7 b3 62. Rb8 Kg6 63. Rg8+ Kf5 64. Rf8+ Kg6 65. Rb8 Kf5 66. Rb7 Rc2+ 67. Kd3 Rc3+ 68. Kd2 Rc2+ 69. Kd3 Rc3+ 1/2-1/2